| 000 | 00944nas a2200289 4500 | ||
|---|---|---|---|
| 001 | BR2014006878 | ||
| 003 | BR-BrBNA | ||
| 005 | 20231205124939.0 | ||
| 007 | ta | ||
| 008 | 230509b bl.|||p| |||| 00| 00por d | ||
| 040 |
_aBR-BrBNA _bpor _cBiblioteca Nacional de Agricultura |
||
| 041 | _a(En) | ||
| 072 | _aN20; F04; F61 | ||
| 100 | 1 | _aMota, P.R.D. | |
| 100 | 1 | _aBôas, R.L.V. | |
| 100 | 1 | _aLudwig, F. | |
| 100 | 1 | _aFernandes, D.M. | |
| 100 | 1 | _aFolegatti, M.V. | |
| 245 | 1 | _aPortable meters for nutritional assessment in plants of gerbera fertigated with electrical conductivity levels | |
| 650 | _aADUBAÇÃO | ||
| 650 | _aNUTRIÇÃO VEGETAL | ||
| 650 | _aFERTIRRIGAÇÃO | ||
| 650 | _aCONDUTIVIDADE ELÉTRICA | ||
| 773 | 0 |
_tRevista Brasileira de Engenharia Agrícola e Ambiental (Brasil) _xISSN 1415-4366 _g(Mar 2014), v. 18(3) p. 258-262 _wBR2014006878 |
|
| 909 |
_a202311 _bLúcia _c55 _dLúcia Elande |
||
| 942 |
_2AGRIS _n0 _cANA |
||
| 999 |
_c241775 _d241775 |
||